The whole duty of man according to the law of nature / (Record no. 121114)
[ view plain ]
| 000 -LEADER | |
|---|---|
| fixed length control field | 01697cam a2200397 a 4500 |
| 001 - CONTROL NUMBER | |
| control field | 12685112 |
| 003 - CONTROL NUMBER IDENTIFIER | |
| control field | ARRUPE |
| 005 - DATE AND TIME OF LATEST TRANSACTION | |
| control field | 20141010125512.0 |
| 008 - FIXED-LENGTH DATA ELEMENTS--GENERAL INFORMATION | |
| fixed length control field | 020215s2003 inua b 000 0 eng |
| 010 ## - LIBRARY OF CONGRESS CONTROL NUMBER | |
| LC control number | 2002023042 |
| 020 ## - INTERNATIONAL STANDARD BOOK NUMBER | |
| International Standard Book Number | 0865973741 (hardcopy : alk. paper) |
| 020 ## - INTERNATIONAL STANDARD BOOK NUMBER | |
| International Standard Book Number | 086597375X (pb : alk. paper) |
| 035 ## - SYSTEM CONTROL NUMBER | |
| System control number | (DLC) 2002023042 |
| 035 ## - SYSTEM CONTROL NUMBER | |
| System control number | (DLC)1033 |
| 040 ## - CATALOGING SOURCE | |
| Original cataloging agency | DLC |
| Transcribing agency | DLC |
| Modifying agency | DLC |
| 041 1# - LANGUAGE CODE | |
| Language code of text/sound track or separate title | eng |
| Language code of original and/or intermediate translations of text | lat |
| 050 00 - LIBRARY OF CONGRESS CALL NUMBER | |
| Classification number | K457.P8 |
| Item number | D4313 2002 |
| 082 00 - DEWEY DECIMAL CLASSIFICATION NUMBER | |
| Classification number | 340/.112 |
| Edition number | 21 |
| 300 ## - PHYSICAL DESCRIPTION | |
| Other physical details | ill. ; |
| Dimensions | 24 cm. |
| 100 1# - MAIN ENTRY--PERSONAL NAME | |
| Personal name | Pufendorf, Samuel, |
| Titles and other words associated with a name | Freiherr von, |
| Dates associated with a name | 1632-1694. |
| 9 (RLIN) | 12142 |
| 240 10 - UNIFORM TITLE | |
| Uniform title | <a href="De officio hominis et civis.">De officio hominis et civis.</a> |
| Language of a work | English |
| 245 14 - TITLE STATEMENT | |
| Title | The whole duty of man according to the law of nature / |
| Statement of responsibility, etc | Samuel Pufendorf ; translated by Andrew Tooke, 1691 ; edited with an Introduction by Ian Hunter and David Saunders. Two discourses and a commentary / by Jean Barbeyrac ; translated by David Saunders. |
| 260 ## - PUBLICATION, DISTRIBUTION, ETC. (IMPRINT) | |
| Place of publication, distribution, etc | Indianapolis, IN : |
| Name of publisher, distributor, etc | Liberty Fund, |
| Date of publication, distribution, etc | 2002. |
| 300 ## - PHYSICAL DESCRIPTION | |
| Extent | xviii, 381 p. : |
| 440 #0 - SERIES STATEMENT/ADDED ENTRY--TITLE | |
| Title | Natural law and enlightenment classics |
| 9 (RLIN) | 12143 |
| 504 ## - BIBLIOGRAPHY, ETC. NOTE | |
| Bibliography, etc | Includes bibliographical references and index. |
| 650 #0 - SUBJECT ADDED ENTRY--TOPICAL TERM | |
| Topical term or geographic name as entry element | Natural law. |
| 9 (RLIN) | 3966 |
| 650 #0 - SUBJECT ADDED ENTRY--TOPICAL TERM | |
| Topical term or geographic name as entry element | Ethics. |
| 9 (RLIN) | 12144 |
| 650 #0 - SUBJECT ADDED ENTRY--TOPICAL TERM | |
| Topical term or geographic name as entry element | State, The. |
| 9 (RLIN) | 12145 |
| 700 1# - ADDED ENTRY--PERSONAL NAME | |
| Personal name | Hunter, Ian, |
| Dates associated with a name | 1949- |
| 9 (RLIN) | 12146 |
| 700 1# - ADDED ENTRY--PERSONAL NAME | |
| Personal name | Saunders, David, |
| Dates associated with a name | 1940- |
| 9 (RLIN) | 12147 |
| 700 12 - ADDED ENTRY--PERSONAL NAME | |
| Personal name | Barbeyrac, Jean, |
| Dates associated with a name | 1674-1744. |
| Title of a work | Two discourses and a commentary. |
| 9 (RLIN) | 12148 |
| 740 02 - ADDED ENTRY--UNCONTROLLED RELATED/ANALYTICAL TITLE | |
| Uncontrolled related/analytical title | Two discourses and a commentary. |
| 906 ## - LOCAL DATA ELEMENT F, LDF (RLIN) | |
| a | 7 |
| b | cbc |
| c | orignew |
| d | 1 |
| e | ocip |
| f | 20 |
| g | y-gencatlg |
| 942 ## - ADDED ENTRY ELEMENTS (KOHA) | |
| Source of classification or shelving scheme | Library of Congress Classification |
| Koha item type | Monograph ( Printed materials) |
| Withdrawn status | Lost status | Source of classification or shelving scheme | Damaged status | Not for loan | Collection code | Home library | Current library | Shelving location | Date acquired | Total Checkouts | Full call number | Barcode | Date last seen | Price effective from | Koha item type |
|---|---|---|---|---|---|---|---|---|---|---|---|---|---|---|---|
| Library of Congress Classification | Main Collection | ARRUPE LIBRARY | ARRUPE LIBRARY | Main Collection | 10/10/2014 | K457.P8 D4313 2002 | 46500001301 | 28/06/2018 | 10/10/2014 | Monograph ( Printed materials) |